000 00524nam a22001817a 4500
005 20150720122424.0
010 _aENG-113225
020 _a9789380828695
_c600.00
035 _aEN-96757
037 _bDBAD/PUB
082 _a954.035
100 _aDhar, Anuj
245 _aIndia's biggest cover-up /
_cby Anuj Dhar
260 _aNew Delhi
_bVitasta Publishing
_c2015
270 _a2/15, Ansari Road, Daryaganj
_bNew Delhi
_e110002
300 _a443p. :
_c23cm(Hb)
_bill.
942 _2ddc
_cEN
_mDHA
_h954.035
999 _c93941
_d93941